000 00233nam a2200097Ia 4500
008 170619s9999 xx 000 0 und d
100 _aBahl- Inder
245 0 _aMicrowave Solid State Circuit Design
260 _bWiley-India
260 _c2011
546 _aENGLISH
999 _c20456
_d20456